01004nam a22002417a 4500003000900000008004100009020001800050040007100068082002600139245016000165260006200325300004900387650002900436650002600465650001800491650002200509650003000531650003100561700004600592700003700638700004100675710004600716AR-CdUCM190312b ||||| |||| 00| 0 spa d a9786124191701 aMUNICIPALIDAD PROVINCIAL DEL CUSCOcBIBLIOTECA MUNICIPAL DEL CUSCO a468.6/C6bC62segunda aCómo leer y escribir en la universidad :bprácticas letradas exitosas /ccompiladores, Mauricio Aguirre, Claudia Maldonado, Cinthia Peña ... [et al.] aLima :bUniversidad Peruana de Ciencias Aplicadas,c2015. a294 páginas. :bilustraciones ;c30x21 cm. aComprensión de lectura aEstudio y enseñanza aMetodología aLengua española aEjercicios de redacción aComposición y ejercicios aAguirre Villanueva, Mauricio (compilador) aMaldonado, Claudia (compiladora) aPeña Larrea, Cinthia (compiladora) aUniversidad Peruana de Ciencias Aplicadas